000 00611nam a2200193Ia 4500
005 20260114185848.0
008 008 260114s9999 xx 000 0 eng d
020 _a9781838605629
037 _aEBOOK
040 _aCRL
_beng
_cCRL
041 _aeng
_2eng
084 _qCRL
100 _aGeorge Warner
_9875321
245 4 _aThe Words of the Imams Al-Shaykh Al-Saduq and the Development of Twelver Shi'i Hadith Literature
260 _bBloomsbury
_c2021
856 _uhttps://doi.org/10.5040/9781838605629?locatt=label:secondary_bloomsburyCollections
942 _cEBOOK
999 _c1474255
_d1474255